Children of Trauma: (Record no. 11057)

MARC details
000 -LEADER
fixed length control field 00667nam a2200241 a 4500
001 - CONTROL NUMBER
control field 0001-1057
003 - CONTROL NUMBER IDENTIFIER
control field ELIB.Books
008 - FIXED-LENGTH DATA ELEMENTS--GENERAL INFORMATION
fixed length control field 141205 2010 eng
020 ## - INTERNATIONAL STANDARD BOOK NUMBER
International Standard Book Number 1558740147
035 ## - SYSTEM CONTROL NUMBER
System control number (ELIB.Books)0001-1212
092 ## - LOCALLY ASSIGNED DEWEY CALL NUMBER (OCLC)
Classification number 616.85
Item number Mid
100 ## - MAIN ENTRY--PERSONAL NAME
Personal name Middelton-Moz, Jane
245 ## - TITLE STATEMENT
Title Children of Trauma:
Remainder of title Rediscovering Your Discarded Self
260 ## - PUBLICATION, DISTRIBUTION, ETC. (IMPRINT)
Place of publication, distribution, etc. Florida
Name of publisher, distributor, etc. Health Communications, Inc.
Date of publication, distribution, etc. 1989
300 ## - PHYSICAL DESCRIPTION
Extent 185
Dimensions 21.5 Cm
500 ## - GENERAL NOTE
General note Dr. Yahalaylayla
650 ## - SUBJECT ADDED ENTRY--TOPICAL TERM
Topical term or geographic name as entry element Mental Health
856 ## - ELECTRONIC LOCATION AND ACCESS
Name of location of host KBTS; Library
Uniform Resource Identifier <a href="KBTS; Elib.">KBTS; Elib.</a>
942 ## - ADDED ENTRY ELEMENTS (KOHA)
Source of classification or shelving scheme Dewey Decimal Classification
Koha item type Books
990 ## - EQUIVALENCES OR CROSS-REFERENCES [LOCAL, CANADA]
Link information for 9XX fields 2
998 ## - LOCAL CONTROL INFORMATION (RLIN)
Cataloger's initials, CIN (RLIN) bat
-- 2014-12-05
-- cat
-- 2019-07-05
Holdings
Withdrawn status Lost status Source of classification or shelving scheme Damaged status Not for loan Home library Current library Date acquired Total Checkouts Barcode Date last seen Bill Date Koha item type
    Dewey Decimal Classification     Karen Baptist Theological Seminary Library Karen Baptist Theological Seminary Library 05/12/2014   15118, 15188 22/01/2022 22/01/2022 Books
Implemented & Customized by: BestBookBuddies

Powered by Koha